00292 a2200133 4500000002500000100001800025110001800043245003200061250001100093260001400104264001400118942000700132999001900139 nam a22 7a 4500 aPandey, Jyant aPandey, Jyant aGandhi ji and his disciples aLatest bNBTc2021 bNBTc2021 cBK c361280d361280